[Event "Novosibirsk op"]
[Site "Novosibirsk"]
[Date "2010.06.11"]
[Round "8"]
[White "Novichkov, Vladimir"]
[Black "Glazkov, Leonid"]
[Result "1-0"]
[WhiteElo "2128"]
[BlackElo "1960"]
[PlyCount "67"]
[EventDate "2010.06.03"]
[EventType "swiss"]
[EventRounds "9"]
[EventCountry "RUS"]
[SourceTitle "CBM 136 Extra"]
[Source "ChessBase"]
[SourceDate "2010.07.02"]
[SourceVersion "2"]
[SourceVersionDate "2010.07.15"]
[SourceQuality "1"]

1. e4 e6 2. d4 d5 3. Nc3 Bb4 4. Bd2 dxe4 5. Qg4 Bf8 6. Qxe4 Nf6 7. Qe3 Nc6 8. Nf3 Be7 9. a3 0-0 10. Bd3 b6 11. h3 Bb7 12. 0-0 a5 13. Ne2 a4 14. c4 Bd6 15. Bc3 Ne7 16. Rad1 Ng6 17. Ne5 c5 18. f4 Qc7 19. Ng3 Rfd8 20. Rf2 cxd4 21. Bxd4 Bc5 22. Bxg6 Rxd4 23. Bxf7+ Qxf7 24. Rxd4 Qc7 25. Nd3 Bxd4 26. Qxd4 Rd8 27. Qc3 Ne4 28. Nxe4 Bxe4 29. Ne5 Qc5 30. Qe1 Bc2 31. Kh2 Rd1 32. Qe2 Bb3 33. Qg4 Bxc4 34. Qxd1 1-0

[Event "Novosibirsk op"]
[Site "Novosibirsk"]
[Date "2010.06.04"]
[Round "2"]
[White "Novichkov, Vladimir"]
[Black "Volkov, Petr"]
[Result "1/2-1/2"]
[WhiteElo "2128"]
[BlackElo "2065"]
[PlyCount "185"]
[EventDate "2010.06.03"]
[EventType "swiss"]
[EventRounds "9"]
[EventCountry "RUS"]
[SourceTitle "CBM 136 Extra"]
[Source "ChessBase"]
[SourceDate "2010.07.02"]
[SourceVersion "2"]
[SourceVersionDate "2010.07.15"]
[SourceQuality "1"]

1. c4 e5 2. Nc3 Nc6 3. Nf3 g6 4. d4 exd4 5. Nxd4 Bg7 6. e3 Nge7 7. Be2 d6 8. 0-0 0-0 9. b3 Bd7 10. Bb2 Nxd4 11. exd4 d5 12. cxd5 Nf5 13. Ne4 c6 14. Nc5 cxd5 15. Nxb7 Qb6 16. Nc5 Bb5 17. Bxb5 Qxb5 18. Rc1 Rfe8 19. Rc2 Re7 20. Bc3 Rae8 21. a4 Qc6 22. b4 Qf6 23. Rd2 Nd6 24. Rd3 Nc4 25. g3 Qf5 26. Qf3 Qxf3 27. Rxf3 Re2 28. Rd1 R8e7 29. Kf1 Bh6 30. Rfd3 Kf8 31. Nd7+ Kg7 32. Ne5 Rc2 33. Nxc4 dxc4 34. d5+ Kf8 35. Rf3 Rd7 36. Bd4 Bd2 37. Bc5+ Ke8 38. d6 Ra2 39. Rxd2 Rxd2 40. Rc3 f5 41. Rxc4 Kf7 42. Rc3 Rd5 43. Ke2 a6 44. Ke3 Rd8 45. a5 Re8+ 46. Kf3 Kf6 47. h4 h6 48. Be3 Rxd6 49. Bxh6 Re4 50. Be3 Ke6 51. Bf4 Rd7 52. Rc6+ Kf7 53. Rb6 Rdd4 54. Bd6 Rd3+ 55. Kg2 Re6 56. Rb7+ Kf6 57. Bf4 Rc6 58. Be3 Rb3 59. Bc5 Ke5 60. Rd7 Ke6 61. Rg7 Kd5 62. h5 gxh5 63. Rg5 Ke4 64. Rxh5 Rf6 65. Rh8 f4 66. Rh4 Kd5 67. gxf4 Ke4 68. Be3 Rf5 69. Rh6 Rxb4 70. Rxa6 Ra4 71. Bb6 Kxf4 72. Bc7+ Ke4 73. Re6+ Kd5 74. Rg6 Ra2 75. Bb6 Ke5 76. Kg3 Ra3+ 77. Kg2 Ra2 78. Rg4 Kf6 79. Rc4 Ke6 80. Rc6+ Kd5 81. Rg6 Ke5 82. a6 Ke4 83. a7 Rb5 84. Be3 Rba5 85. Rg7 Kf5 86. Kg3 R5a4 87. f3 Ra6 88. Rf7+ Kg6 89. Rc7 R2a4 90. Rb7 Kf5 91. Rb5+ Kf6 92. Rb7 Kf5 93. Rb5+ 1/2-1/2

[Event "Novosibirsk April op"]
[Site "Novosibirsk"]
[Date "2010.04.12"]
[Round "9"]
[White "Novichkov, Vladimir"]
[Black "Popov, Vyacheslav"]
[Result "1-0"]
[WhiteElo "2167"]
[BlackElo "1993"]
[PlyCount "85"]
[EventDate "2010.04.02"]
[EventType "swiss"]
[EventRounds "9"]
[EventCountry "RUS"]
[SourceTitle "EXT 2011"]
[Source "ChessBase"]
[SourceDate "2010.11.26"]
[SourceVersion "1"]
[SourceVersionDate "2010.11.26"]
[SourceQuality "1"]

1. d4 e6 2. e4 d5 3. e5 c5 4. c3 Nc6 5. Nf3 Qb6 6. a3 f6 7. Bd3 Bd7 8. 0-0 c4 9. Bc2 0-0-0 10. Nbd2 fxe5 11. dxe5 g5 12. Qe2 Bg7 13. h3 h5 14. Nxg5 Nxe5 15. Ndf3 Nxf3+ 16. Nxf3 Nh6 17. Rb1 Qd6 18. Bg5 Rdf8 19. Bh4 Nf5 20. Bxf5 Rxf5 21. Qe3 Kb8 22. Bg3 e5 23. b3 cxb3 24. Rxb3 Ka8 25. Re1 Re8 26. Rb4 Re6 27. Qe2 Qc5 28. Reb1 b6 29. Nh4 Rg5 30. Kh2 Qxc3 31. R4b3 Qc4 32. Qe1 e4 33. Qe3 Bh6 34. Qf4 Rg8 35. Qf7 Rg7 36. Qxh5 d4 37. Qf5 Re8 38. Qf6 Re6 39. Qf8+ Re8 40. Qd6 Bg5 41. Rb4 Qc3 42. Rxd4 Bd8 43. Qb8# 1-0

[Event "Novosibirsk April op"]
[Site "Novosibirsk"]
[Date "2010.04.09"]
[Round "7"]
[White "Novichkov, Vladimir"]
[Black "Sedykh, Alexander"]
[Result "1/2-1/2"]
[WhiteElo "2167"]
[BlackElo "2104"]
[PlyCount "92"]
[EventDate "2010.04.02"]
[EventType "swiss"]
[EventRounds "9"]
[EventCountry "RUS"]
[SourceTitle "EXT 2011"]
[Source "ChessBase"]
[SourceDate "2010.11.26"]
[SourceVersion "1"]
[SourceVersionDate "2010.11.26"]
[SourceQuality "1"]

1. e4 d5 2. exd5 Qxd5 3. Nc3 Qd8 4. Nf3 g6 5. d4 Bg7 6. Be2 Nh6 7. 0-0 0-0 8. Bf4 Nf5 9. Nb5 Na6 10. c3 c6 11. Na3 b5 12. Nc2 Qb6 13. h3 c5 14. g4 Nd6 15. Be3 Nc4 16. Bc1 Bb7 17. b3 Nd6 18. Be3 Qc6 19. dxc5 Nxc5 20. Nb4 Qc7 21. Rc1 Nce4 22. Bd4 Bh6 23. Rc2 a5 24. Nd3 f6 25. c4 bxc4 26. bxc4 e5 27. Ba1 Qc6 28. c5 Nf7 29. Qb1 Neg5 30. Nde1 Nxh3+ 31. Kh2 Nf4 32. Bb5 Qe6 33. Rg1 Be4 34. Bc4 Bxc2 35. Qxc2 Qc6 36. g5 Qc8 37. Rg3 Bxg5 38. Nxg5 fxg5 39. Bxe5 Ne6 40. Ba1 Rd8 41. Qc3 Qxc5 42. Bxe6 Qxc3 43. Bxc3 Ra6 44. Bc4 Rc6 45. Bxa5 Rxc4 46. Bxd8 Nxd8 1/2-1/2

[Event "Novosibirsk April op"]
[Site "Novosibirsk"]
[Date "2010.04.05"]
[Round "3"]
[White "Korobkov, Vadim"]
[Black "Novichkov, Vladimir"]
[Result "0-1"]
[WhiteElo "1840"]
[BlackElo "2167"]
[PlyCount "86"]
[EventDate "2010.04.02"]
[EventType "swiss"]
[EventRounds "9"]
[EventCountry "RUS"]
[SourceTitle "EXT 2011"]
[Source "ChessBase"]
[SourceDate "2010.11.26"]
[SourceVersion "1"]
[SourceVersionDate "2010.11.26"]
[SourceQuality "1"]

1. d4 Nf6 2. Nf3 b6 3. Bg5 Ne4 4. Bh4 d5 5. e3 g6 6. Nbd2 Nd6 7. Bd3 Bb7 8. c3 Bg7 9. a3 0-0 10. Qb1 c5 11. Bg3 Nc6 12. h4 e6 13. h5 f5 14. hxg6 hxg6 15. Nh4 Ne7 16. Qd1 Ne4 17. Nhf3 Nc6 18. Ne5 Nxg3 19. fxg3 Nxe5 20. dxe5 Bxe5 21. Nf3 Bg7 22. Nh4 Qg5 23. Qf3 e5 24. Qf2 e4 25. Be2 Be5 26. Rh3 Kg7 27. 0-0-0 d4 28. Rdh1 d3 29. Bd1 Bd5 30. Kb1 b5 31. Nxg6 Qxg6 32. Bh5 Qg5 33. Qe1 a5 34. g4 f4 35. Qh4 Qxh4 36. Rxh4 fxe3 37. g5 e2 38. Bxe2 dxe2 39. Rh7+ Kg6 40. R1h6+ Kxg5 41. Rh5+ Kg4 42. Rh4+ Kg3 43. Rh3+ Kxg2 0-1

[Event "Novosibirsk-ch"]
[Site "Novosibirsk"]
[Date "2010.03.11"]
[Round "8"]
[White "Moskalev, Alexander"]
[Black "Novichkov, Vladimir"]
[Result "1/2-1/2"]
[WhiteElo "1957"]
[BlackElo "2167"]
[PlyCount "90"]
[EventDate "2010.03.01"]
[EventType "swiss"]
[EventRounds "9"]
[EventCountry "RUS"]
[SourceTitle "CBM 135 Extra"]
[Source "ChessBase"]
[SourceDate "2010.05.04"]
[SourceVersion "1"]
[SourceVersionDate "2010.05.04"]
[SourceQuality "1"]

1. e4 c5 2. Nf3 Nc6 3. d4 cxd4 4. Nxd4 e6 5. Nb5 d6 6. c4 a6 7. N5a3 Nf6 8. Nc3 Qc7 9. Be2 b6 10. 0-0 Bb7 11. f3 Be7 12. Be3 0-0 13. Bf2 Rfd8 14. Na4 Nd7 15. Rc1 Nc5 16. Nc3 Rac8 17. Nc2 Bf6 18. Ne3 g6 19. Qd2 Bg7 20. Rfd1 Qe7 21. Bf1 h5 22. Nc2 Qf6 23. Be3 Qe7 24. b4 Nd7 25. Na4 Nce5 26. Qxd6 Bf8 27. Qxe7 Bxe7 28. Nxb6 Nxb6 29. Bxb6 Rxd1 30. Rxd1 Nxc4 31. Rd7 Bf6 32. Bc5 Bc6 33. Ra7 Bb5 34. a4 Bxa4 35. Bxc4 Bxc2 36. Rxa6 Rd8 37. Rd6 Ra8 38. b5 Ra1+ 39. Kf2 Rb1 40. Be3 Ba4 41. b6 Rb2+ 42. Rd2 Rb4 43. Ba6 g5 44. Bc5 Rb1 45. b7 Bc6 1/2-1/2

[Event "Novosibirsk-ch"]
[Site "Novosibirsk"]
[Date "2010.03.10"]
[Round "7"]
[White "Novichkov, Vladimir"]
[Black "Sukhanov, Dmitry"]
[Result "0-1"]
[WhiteElo "2167"]
[BlackElo "2148"]
[PlyCount "112"]
[EventDate "2010.03.01"]
[EventType "swiss"]
[EventRounds "9"]
[EventCountry "RUS"]
[SourceTitle "CBM 135 Extra"]
[Source "ChessBase"]
[SourceDate "2010.05.04"]
[SourceVersion "1"]
[SourceVersionDate "2010.05.04"]
[SourceQuality "1"]

1. d4 Nf6 2. c4 e6 3. Nf3 Bb4+ 4. Bd2 c5 5. e3 0-0 6. Bd3 d6 7. 0-0 Nc6 8. Nc3 e5 9. d5 Ne7 10. h3 b5 11. b3 bxc4 12. bxc4 Bf5 13. Bxf5 Nxf5 14. Qc2 Qd7 15. g4 Ne7 16. Nh2 h5 17. f3 Ng6 18. e4 Rfe8 19. a3 Bxc3 20. Qxc3 Rab8 21. Rfb1 Rb7 22. Rb3 Reb8 23. Rab1 Qc8 24. Nf1 Nf4 25. Bxf4 Rxb3 26. Rxb3 Rxb3 27. Qxb3 exf4 28. Qb5 hxg4 29. hxg4 Qc7 30. a4 Qe7 31. a5 Kh7 32. a6 Nd7 33. Qb7 Qd8 34. Qxa7 Ne5 35. Qb7 Qa5 36. Qb2 Nxf3+ 37. Kf2 Ne5 38. Kg1 Qxa6 39. Qh2+ Kg8 40. Qxf4 Qxc4 41. Ng3 Qd3 42. Kg2 g6 43. g5 Qc2+ 44. Kh3 Qd1 45. Qf6 Qg4+ 46. Kg2 Qd7 47. Qf2 c4 48. Qb2 Qd8 49. Qd2 Qc8 50. Qb4 c3 51. Qxd6 c2 52. Ne2 Qg4+ 53. Kf2 Qf3+ 54. Ke1 Qe3 55. Kf1 Ng4 56. Qb8+ Kh7 0-1

[Event "Novosibirsk-ch"]
[Site "Novosibirsk"]
[Date "2010.03.09"]
[Round "6"]
[White "Klimov, Valery"]
[Black "Novichkov, Vladimir"]
[Result "0-1"]
[WhiteElo "1949"]
[BlackElo "2167"]
[PlyCount "68"]
[EventDate "2010.03.01"]
[EventType "swiss"]
[EventRounds "9"]
[EventCountry "RUS"]
[SourceTitle "CBM 135 Extra"]
[Source "ChessBase"]
[SourceDate "2010.05.04"]
[SourceVersion "1"]
[SourceVersionDate "2010.05.04"]
[SourceQuality "1"]

1. e4 c5 2. Nf3 Nc6 3. d4 cxd4 4. Nxd4 e6 5. Be2 Nf6 6. Nc3 Qc7 7. Be3 a6 8. 0-0 b5 9. f4 b4 10. Na4 Nxe4 11. Nxc6 Qxc6 12. b3 Be7 13. Bf3 0-0 14. Qd4 d5 15. Rae1 Bb7 16. Re2 a5 17. Rc1 Ba6 18. Ree1 Nc3 19. Nxc3 bxc3 20. a4 Rab8 21. Bf2 Bf6 22. Qd1 Rb4 23. g3 g6 24. Kg2 Bg7 25. h4 Bb7 26. Re2 Qc7 27. Qg1 d4 28. Bxb7 Qxb7+ 29. Kh2 Rd8 30. Qd1 Qf3 31. Kg1 d3 32. cxd3 Rxd3 33. Qc2 Bd4 34. Bxd4 Rbxd4 0-1

[Event "Novosibirsk-ch"]
[Site "Novosibirsk"]
[Date "2010.03.03"]
[Round "3"]
[White "Novichkov, Vladimir"]
[Black "Yakushev, Nikolai"]
[Result "1/2-1/2"]
[WhiteElo "2167"]
[BlackElo "2167"]
[PlyCount "70"]
[EventDate "2010.03.01"]
[EventType "swiss"]
[EventRounds "9"]
[EventCountry "RUS"]
[SourceTitle "CBM 135 Extra"]
[Source "ChessBase"]
[SourceDate "2010.05.04"]
[SourceVersion "1"]
[SourceVersionDate "2010.05.04"]
[SourceQuality "1"]

1. e4 e5 2. Nc3 Nf6 3. Bc4 Be7 4. d3 0-0 5. f4 d6 6. Nf3 Nc6 7. 0-0 Na5 8. f5 c6 9. a3 Nxc4 10. dxc4 b5 11. cxb5 cxb5 12. Qd3 a6 13. Be3 Bb7 14. Rad1 Qc7 15. Bg5 Rfd8 16. Bxf6 Bxf6 17. Rd2 b4 18. axb4 Qb6+ 19. Kh1 Qxb4 20. h3 Rac8 21. Rb1 Rc4 22. Re1 Rc7 23. Nd1 h6 24. c3 Qa4 25. Nf2 d5 26. Ng4 Rcd7 27. Nfxe5 Bxe5 28. Nxe5 dxe4 29. Qxd7 Rxd7 30. Rxd7 Qa5 31. Re7 Qd5 32. Re3 Bc8 33. Re8+ Kh7 34. Rxc8 Qxe5 35. Rc4 Qb5 1/2-1/2

[Event "Novosibirsk November op"]
[Site "Novosibirsk"]
[Date "2009.11.20"]
[Round "4"]
[White "Novichkov, Vladimir"]
[Black "Kazachansky, Sergei"]
[Result "1-0"]
[WhiteElo "2144"]
[BlackElo "2082"]
[PlyCount "125"]
[EventDate "2009.11.16"]
[EventType "swiss"]
[EventRounds "9"]
[EventCountry "RUS"]
[SourceTitle "EXT 2011"]
[Source "ChessBase"]
[SourceDate "2010.11.26"]
[SourceVersion "1"]
[SourceVersionDate "2010.11.26"]
[SourceQuality "1"]

1. e4 c5 2. Nf3 e6 3. d4 cxd4 4. Nxd4 a6 5. Bd3 Bc5 6. Nb3 Be7 7. 0-0 Qc7 8. Be3 Nf6 9. c4 d6 10. Nc3 Nbd7 11. Rc1 b6 12. Be2 Bb7 13. f3 0-0 14. Qd2 Rac8 15. Nd4 Qb8 16. Rfd1 Bd8 17. Bf1 Bc7 18. g3 Rfe8 19. Nc2 Kh8 20. Bg2 Qa8 21. Bf2 Rcd8 22. Ne3 Bc6 23. b4 Rc8 24. a3 Bb8 25. Qa2 Red8 26. Rd2 Kg8 27. Rcd1 Bb7 28. g4 Ne8 29. Qb3 Ba7 30. g5 Nf8 31. h4 Ng6 32. Ne2 b5 33. cxb5 axb5 34. h5 Ne5 35. Nd4 Nc4 36. Nxc4 bxc4 37. Qc3 Bb6 38. Bh3 Nc7 39. g6 hxg6 40. hxg6 Bxd4 41. gxf7+ Kxf7 42. Qxd4 Nb5 43. Qe3 Re8 44. Qg5 c3 45. Rxd6 Nxd6 46. Rxd6 Rc7 47. Bd4 Kg8 48. Bxe6+ Rxe6 49. Rxe6 c2 50. Bc5 Rd7 51. Kg2 Ba6 52. Be3 Bc4 53. Rb6 Qe8 54. Qg3 Rd8 55. Rb7 Bf7 56. Bh6 Qf8 57. Rc7 Kh7 58. Bf4 Bb3 59. Bg5 Rd1 60. Qh3+ Kg6 61. Rc5 c1Q 62. Bxc1 Qe8 63. Qh5+ 1-0

[Event "Novosibirsk op 04"]
[Site "Novosibirsk"]
[Date "2009.04.10"]
[Round "7"]
[White "Chuguev, Anton"]
[Black "Novichkov, Vladimir"]
[Result "1-0"]
[WhiteElo "2214"]
[BlackElo "2144"]
[PlyCount "67"]
[EventDate "2009.04.03"]
[EventType "swiss"]
[EventRounds "9"]
[EventCountry "RUS"]
[SourceTitle "EXT 2012"]
[Source "ChessBase"]
[SourceDate "2011.11.24"]
[SourceVersion "1"]
[SourceVersionDate "2011.11.24"]
[SourceQuality "1"]

1. d4 d5 2. c4 c6 3. Nc3 e5 4. dxe5 d4 5. Ne4 Qa5+ 6. Nd2 Qxe5 7. Ngf3 Qd6 8. Nb3 Be6 9. c5 Qd7 10. Nfxd4 Na6 11. Nxe6 Qxe6 12. Be3 Rd8 13. Qc1 Nf6 14. Bd4 Qf5 15. e4 Qxe4+ 16. Qe3 Qxe3+ 17. fxe3 Nb4 18. Rc1 Be7 19. a3 Nbd5 20. Na5 Rd7 21. g3 Ng4 22. Bh3 h5 23. Bxg7 Rh7 24. Bxg4 hxg4 25. Bd4 Bg5 26. Nc4 Re7 27. Nd6+ Kd7 28. Nf5 Re4 29. Ke2 Ke6 30. Rcf1 f6 31. Kd3 Re5 32. Bxe5 Kxe5 33. e4 Nc7 34. Nd4 1-0

[Event "Novosibirsk op 04"]
[Site "Novosibirsk"]
[Date "2009.04.08"]
[Round "5"]
[White "Gulin, Yury"]
[Black "Novichkov, Vladimir"]
[Result "0-1"]
[WhiteElo "2003"]
[BlackElo "2144"]
[PlyCount "142"]
[EventDate "2009.04.03"]
[EventType "swiss"]
[EventRounds "9"]
[EventCountry "RUS"]
[SourceTitle "EXT 2012"]
[Source "ChessBase"]
[SourceDate "2011.11.24"]
[SourceVersion "1"]
[SourceVersionDate "2011.11.24"]
[SourceQuality "1"]

1. e4 d5 2. exd5 Qxd5 3. Nc3 Qd6 4. Nf3 Bg4 5. Be2 Nf6 6. d4 c6 7. Ne5 Bxe2 8. Nxe2 e6 9. 0-0 Be7 10. Bf4 Qd8 11. c3 0-0 12. Qb3 Qc8 13. c4 Nbd7 14. Qf3 Rd8 15. Rfd1 Nb6 16. b3 Ne8 17. Rd3 f6 18. Ng4 Nd7 19. Rad1 Nf8 20. Qg3 Ng6 21. Bc1 Bd6 22. f4 Qc7 23. Rf1 c5 24. Kh1 f5 25. Ne5 Bxe5 26. fxe5 cxd4 27. Bf4 Qb6 28. Bg5 Rd7 29. Rfd1 Qa5 30. Be3 Qxe5 31. Qxe5 Nxe5 32. Rxd4 Rxd4 33. Rxd4 Nf6 34. Rd6 Kf7 35. Nf4 Nc6 36. g3 Re8 37. Nd3 Ne4 38. Rd7+ Re7 39. Rxe7+ Kxe7 40. b4 a6 41. a4 Kd7 42. Kg2 Kd6 43. a5 e5 44. Bb6 Nb8 45. b5 Nd7 46. Be3 Ndc5 47. Nb4 Nb3 48. bxa6 bxa6 49. Nxa6 Nxa5 50. c5+ Kd7 51. Nb4 Nf6 52. Kf3 Nc6 53. Nc2 Ke6 54. h3 Kd5 55. g4 f4 56. Bxf4 exf4 57. Kxf4 Kxc5 58. g5 Nd5+ 59. Kf5 Kd6 60. h4 Nce7+ 61. Ke4 Ke6 62. Nd4+ Kf7 63. h5 Kg8 64. Ke5 Nb4 65. Ke6 Nec6 66. Nf5 Nd3 67. Kd6 Ncb4 68. h6 g6 69. Ng3 Nf2 70. Ke6 Nbd3 71. Ke7 Nc5 0-1

[Event "Dimitrovgrad-ch"]
[Site "Dimitrovgrad"]
[Date "2009.??.??"]
[Round "1"]
[White "Novichkov, Vladimir"]
[Black "Faleev, Vasily"]
[Result "1-0"]
[WhiteElo "2140"]
[BlackElo "1955"]
[PlyCount "37"]
[EventDate "2009.08.??"]
[EventType "swiss"]
[EventRounds "9"]
[EventCountry "RUS"]
[SourceTitle "EXT 2012"]
[Source "ChessBase"]
[SourceDate "2011.11.24"]
[SourceVersion "1"]
[SourceVersionDate "2011.11.24"]
[SourceQuality "1"]

1. e4 e5 2. Nf3 Nc6 3. d4 exd4 4. Nxd4 Bc5 5. Be3 Qh4 6. Nc3 Bb4 7. Bd3 Nh6 8. Nf3 Qf6 9. Bd2 Ne5 10. Nxe5 Qxe5 11. 0-0 Bxc3 12. Bxc3 Qg5 13. f4 Qg6 14. f5 Qb6+ 15. Kh1 0-0 16. f6 d5 17. Qh5 dxe4 18. Bxe4 Re8 19. Qg5 1-0

[Event "Dimitrovgrad-ch"]
[Site "Dimitrovgrad"]
[Date "2009.??.??"]
[Round "9"]
[White "Novichkov, Vladimir"]
[Black "Romanov, Viktor"]
[Result "1-0"]
[WhiteElo "2140"]
[BlackElo "1970"]
[PlyCount "129"]
[EventDate "2009.08.??"]
[EventType "swiss"]
[EventRounds "9"]
[EventCountry "RUS"]
[SourceTitle "EXT 2012"]
[Source "ChessBase"]
[SourceDate "2011.11.24"]
[SourceVersion "1"]
[SourceVersionDate "2011.11.24"]
[SourceQuality "1"]

1. e4 b6 2. d4 e6 3. Bd3 Bb7 4. Nf3 c5 5. Qe2 d6 6. c3 Nf6 7. Nbd2 Be7 8. 0-0 Qc7 9. b3 0-0 10. Bb2 e5 11. Rfe1 Re8 12. d5 Nbd7 13. c4 g6 14. g3 a5 15. a3 Nb8 16. Nh4 Bc8 17. Ng2 Nh5 18. Nf1 Bh3 19. Nge3 Bg5 20. Nd2 Qd7 21. f3 Na6 22. Bc3 Nc7 23. Ng4 Rf8 24. Nf2 Ne8 25. Qd1 Bh6 26. b4 axb4 27. axb4 Nc7 28. b5 Rxa1 29. Qxa1 Ra8 30. Qb2 Qc8 31. Ra1 Bd7 32. Nf1 f6 33. Be2 Ng7 34. f4 Kf7 35. Rxa8 Qxa8 36. fxe5 fxe5 37. Bg4 Qc8 38. Bxd7 Qxd7 39. Qa1 Nce8 40. Qa6 Qc7 41. Ng4 Bg5 42. h4 Bf6 43. Nh6+ Kf8 44. Qa8 Nh5 45. Bd2 Bd8 46. Ng4 Kf7 47. Qa3 Qd7 48. Nfh2 Kg7 49. Bh6+ Kg8 50. Qf3 Qf7 51. Bf4 Kh8 52. Bxe5+ Nhf6 53. Bc3 h5 54. Nf2 Kg8 55. e5 dxe5 56. Bxe5 Nd7 57. Qxf7+ Kxf7 58. Bf4 Bf6 59. Nf3 Bd4 60. Kg2 Bxf2 61. Kxf2 Ndf6 62. Ng5+ Ke7 63. Kf3 Nd6 64. Bxd6+ Kxd6 65. Ne4+ 1-0

[Event "Dimitrovgrad-ch"]
[Site "Dimitrovgrad"]
[Date "2009.??.??"]
[Round "6"]
[White "Novichkov, Vladimir"]
[Black "Vorobjov, Stanislav"]
[Result "0-1"]
[WhiteElo "2140"]
[BlackElo "2175"]
[PlyCount "96"]
[EventDate "2009.08.??"]
[EventType "swiss"]
[EventRounds "9"]
[EventCountry "RUS"]
[SourceTitle "EXT 2012"]
[Source "ChessBase"]
[SourceDate "2011.11.24"]
[SourceVersion "1"]
[SourceVersionDate "2011.11.24"]
[SourceQuality "1"]

1. e4 e5 2. Nf3 d6 3. d4 Nf6 4. Nc3 Nbd7 5. Bc4 Be7 6. 0-0 0-0 7. h3 c6 8. a4 Qc7 9. Bb3 b6 10. Re1 Bb7 11. Be3 a6 12. Qe2 b5 13. Bg5 b4 14. Na2 c5 15. d5 a5 16. c3 bxc3 17. Nxc3 Ba6 18. Bc4 Bxc4 19. Qxc4 Qb7 20. Nb5 Rfb8 21. b3 Nb6 22. Qe2 Ne8 23. Bxe7 Qxe7 24. Nd2 Nc7 25. Nc4 Nxb5 26. axb5 Qc7 27. Nxa5 Nxd5 28. Nc6 Nf4 29. Qc4 Rf8 30. Ra4 Ne6 31. Rea1 Qb7 32. Qd5 Rae8 33. Ra5 Nd4 34. Qxd6 Nxb3 35. Ra7 Qxb5 36. Rb1 Qc4 37. f3 Qc2 38. Rf1 Nd4 39. Ne7+ Kh8 40. Qxe5 Nc6 41. Nxc6 Rxe5 42. Nxe5 f6 43. Nf7+ Kg8 44. Nd6 c4 45. Rc7 c3 46. Nf5 Rb8 47. Rxg7+ Kf8 48. Rxh7 Rb1 0-1

[Event "Novosibirsk Region-ch final"]
[Site "Novosibirsk"]
[Date "2008.12.12"]
[Round "8"]
[White "Novichkov, Vladimir"]
[Black "Slugin, Alexander"]
[Result "1-0"]
[WhiteElo "2146"]
[BlackElo "2104"]
[PlyCount "113"]
[EventDate "2008.12.05"]
[EventType "swiss"]
[EventRounds "9"]
[EventCountry "RUS"]
[SourceTitle "EXT 2010"]
[Source "ChessBase"]
[SourceDate "2010.11.25"]
[SourceVersion "1"]
[SourceVersionDate "2010.11.25"]
[SourceQuality "1"]

1. e4 c5 2. Nf3 e6 3. d4 cxd4 4. Nxd4 Nf6 5. Bd3 Be7 6. 0-0 d6 7. c4 a6 8. Nc3 Nbd7 9. Be2 0-0 10. Be3 Qc7 11. Rc1 b6 12. Qd2 Bb7 13. f3 Rfe8 14. a3 Rac8 15. b4 Qb8 16. Rfd1 Bf8 17. Bf1 Ne5 18. Na4 Nfd7 19. Be2 Ba8 20. Rc2 Qb7 21. Rdc1 Nf6 22. Bf1 Ned7 23. Qf2 Be7 24. Nb3 Bd8 25. Nb2 Bc7 26. Nd3 Bb8 27. Rb2 d5 28. exd5 exd5 29. c5 Qc7 30. g3 d4 31. Bxd4 bxc5 32. Nbxc5 Qd6 33. Bg2 a5 34. Rbc2 axb4 35. axb4 Rcd8 36. Nf4 Nb6 37. Rd2 Nfd5 38. Nxd5 Nxd5 39. b5 Ba7 40. Ne4 Qa3 41. Re1 Nc3 42. Bxa7 Bxe4 43. Rxd8 Rxd8 44. fxe4 Nxb5 45. Bc5 Qc3 46. Be3 Nd4 47. Rc1 Qd3 48. Bxd4 Rxd4 49. h3 g6 50. Kh2 Kg7 51. Qf4 Qb5 52. Rc7 Rd7 53. Rc2 Re7 54. Rd2 h6 55. Rd5 Qc4 56. h4 Qc7 57. e5 1-0

[Event "Novosibirsk Region-ch final"]
[Site "Novosibirsk"]
[Date "2008.12.06"]
[Round "2"]
[White "Novichkov, Vladimir"]
[Black "Ignatov, Anatoly"]
[Result "1-0"]
[WhiteElo "2146"]
[BlackElo "1973"]
[PlyCount "79"]
[EventDate "2008.12.05"]
[EventType "swiss"]
[EventRounds "9"]
[EventCountry "RUS"]
[SourceTitle "EXT 2010"]
[Source "ChessBase"]
[SourceDate "2010.11.25"]
[SourceVersion "1"]
[SourceVersionDate "2010.11.25"]
[SourceQuality "1"]

1. e4 d6 2. d4 Nf6 3. Nc3 g6 4. Nf3 Bg7 5. h3 0-0 6. Be3 Nc6 7. Qd2 Re8 8. Be2 a6 9. a4 e5 10. d5 Ne7 11. 0-0 b6 12. Rfe1 Nd7 13. Nh2 f5 14. exf5 gxf5 15. f4 Rf8 16. Nf3 Ng6 17. Bf1 Nf6 18. Rad1 Ne4 19. Qc1 Nxc3 20. bxc3 Bd7 21. fxe5 Nxe5 22. Nd4 Qf6 23. Bf4 Qg6 24. Re3 Qf7 25. c4 Rae8 26. Be2 Ng6 27. Rxe8 Rxe8 28. Bh5 Re4 29. Nf3 Qe7 30. Bg5 Qe8 31. Nd2 Re5 32. Nf3 Re4 33. Nd2 Re5 34. Nf3 Re4 35. Bh6 Qf8 36. Bxg7 Qxg7 37. Qg5 Qe7 38. Bxg6 Qxg5 39. Nxg5 hxg6 40. Nxe4 1-0

[Event "Novosibirsk Region-ch final"]
[Site "Novosibirsk"]
[Date "2008.12.05"]
[Round "1"]
[White "Kopylov, Alexander A"]
[Black "Novichkov, Vladimir"]
[Result "1-0"]
[WhiteElo "2428"]
[BlackElo "2146"]
[PlyCount "46"]
[EventDate "2008.12.05"]
[EventType "swiss"]
[EventRounds "9"]
[EventCountry "RUS"]
[SourceTitle "EXT 2010"]
[Source "ChessBase"]
[SourceDate "2010.11.25"]
[SourceVersion "1"]
[SourceVersionDate "2010.11.25"]
[SourceQuality "1"]

1. d4 d5 2. c4 c6 3. Nf3 Nf6 4. Nc3 e6 5. cxd5 exd5 6. Qc2 Be7 7. Bg5 0-0 8. e3 Ne8 9. Bxe7 Qxe7 10. Nxd5 cxd5 11. Qxc8 Nd6 12. Qc5 Nd7 13. Qxd5 Ne4 14. Qb3 Rac8 15. Bd3 Rc7 16. 0-0 Rfc8 17. Rad1 h6 18. a3 g6 19. Ne5 Nxe5 20. Bxe4 Ng4 21. Bf3 Nf6 22. Rfe1 b6 23. e4 Re8 1-0

[Event "Novosibirsk Region-ch sf"]
[Site "Novosibirsk"]
[Date "2008.10.26"]
[Round "9"]
[White "Myslevskaya, Izabella"]
[Black "Novichkov, Vladimir"]
[Result "0-1"]
[WhiteElo "2056"]
[BlackElo "2146"]
[PlyCount "64"]
[EventDate "2008.10.18"]
[EventType "swiss"]
[EventRounds "9"]
[EventCountry "RUS"]
[SourceTitle "EXT 2022"]
[Source "ChessBase"]
[SourceDate "2021.10.06"]
[SourceVersion "1"]
[SourceVersionDate "2021.10.06"]
[SourceQuality "1"]

1. Nf3 d6 2. d4 Nf6 3. c4 Bg4 4. Qb3 Qc8 5. h3 Bf5 6. Nc3 g6 7. Bg5 Bg7 8. e3 0-0 9. Be2 h6 10. Bxf6 Bxf6 11. Nd5 Nd7 12. 0-0 Re8 13. Nxf6+ Nxf6 14. d5 c5 15. Bd3 Rb8 16. a4 b6 17. Rfe1 e5 18. dxe6 Bxe6 19. Qc2 Qb7 20. e4 Nh5 21. Qd2 Kh7 22. g4 Ng7 23. Qf4 Qe7 24. Rad1 Rbd8 25. b3 Bc8 26. e5 Ne6 27. Qg3 dxe5 28. Rxe5 Bb7 29. Nh4 Qf6 30. f3 Nf4 31. Rxe8 Rxe8 32. Bf1 Re3 0-1

[Event "Novosibirsk Region-ch sf"]
[Site "Novosibirsk"]
[Date "2008.10.24"]
[Round "8"]
[White "Novichkov, Vladimir"]
[Black "Moskalev, Alexander"]
[Result "1-0"]
[WhiteElo "2146"]
[BlackElo "1706"]
[PlyCount "49"]
[EventDate "2008.10.18"]
[EventType "swiss"]
[EventRounds "9"]
[EventCountry "RUS"]
[SourceTitle "EXT 2022"]
[Source "ChessBase"]
[SourceDate "2021.10.06"]
[SourceVersion "1"]
[SourceVersionDate "2021.10.06"]
[SourceQuality "1"]

1. e4 c5 2. Nf3 e6 3. d4 cxd4 4. Nxd4 Nc6 5. Nb5 d6 6. c4 a6 7. N5c3 Qc7 8. Be2 Nf6 9. 0-0 Be7 10. Be3 Rb8 11. Nd2 0-0 12. a3 Rd8 13. Qb3 b6 14. Rac1 Nd7 15. Qa2 Bf6 16. b4 Nd4 17. Bd3 Bb7 18. Nd5 exd5 19. cxd5 Nc5 20. Qc4 Nb5 21. bxc5 bxc5 22. a4 Nd4 23. Bxd4 Bxd4 24. Qxd4 Qa5 25. Qc3 1-0